آكام المرجان في غرائب الأخبار وأحكام الجان / (رقم التسجيلة. 92851)

تفاصيل مارك
000 -الفاتح
عناصر البيانات ثابتة الطول 00884cam a2200193 i 4500
005 - تاريخ ووقت آخر معاملة
حقل ضبط 20251207111951.0
008 - عناصر البيانات ثابتة الطول
عناصر البيانات ثابتة الطول 250721s2009 ua gr 000 0 ara d
082 14 - رقم تصنيف ديوي العشري
رقم التصنيف 214.5
رقم المادة ح ن ف
100 1# - مدخل رئيسي – اسم شخصي
الاسم الشخصي الحنفي، بدر الدين أبي عبد الله محمد بن عبد الله الشبلي
علاقة الشخص بالعمل/ دوره مؤلف.
245 10 - بيان العنوان
العنوان آكام المرجان في غرائب الأخبار وأحكام الجان /
بيان المسؤولية للعلامة بدر الدين أبي عبد الله محمد بن عبد الله الشبلي الحنفي ، تحقيق محمد أحمد عيسى.
250 ## - بيان الطبعة
بيان الطبعة الطبعة الأولى.
264 31 - بيانات النشر، التوزيع…إلخ
مكان النشر، التوزيع...إلخ المنصورة :
اسم الناشر، الموزع...إلخ دار الغد الجديد،
تاريخ النشر، التوزيع...إلخ 2009.
300 ## - الوصف المادي
عدد الوحدات المكونة للوعاء 367 صفحة.
650 17 - مدخل إضافي بالموضوع - مصطلح موضوعي
مصطلح موضوعي أو اسم جغرافي كعنصر مدخل العقيدة الإسلامية.
653 ## - رأس موضوع – غير مقيد
المصطلح / رأس الموضوع غير المقيد الجان
700 1# - مدخل إضافي - اسم شخصي
الاسم الشخصي عيسى، محمد أحمد
علاقة الشخص بالعمل/ دوره محقق.
942 ## - بيانات إضافية (كوها)
نوع التنصيف Dewey Decimal Classification
نوع المادة (كوها) كتب
المقتنيات
حالة السحب حالة الفقدان مصدر التصنيف حالة التلف غير قابل للإعارة المكتبة الرئيسية المكتبة الحالية موقع الرف تاريخ التزويد الرقم المتسلسل Total Checkouts رقم الإستدعاء الباركود تاريخ آخر ظهور تاريخ الفاتورة نوع المادة (كوها)
    Dewey Decimal Classification     المكتبة المركزية المكتبة المركزية الإعارة 28/07/2025 1287745   214.5 / ح ن ف PLD00089831 28/07/2025 28/07/2025 كتب
    Dewey Decimal Classification     مكتبة أبو علندا العامة مكتبة أبو علندا العامة الإعارة 14/05/2009 1287746   214.5/حنف PLD00090718 28/07/2025 14/05/2009 كتب
    Dewey Decimal Classification     مكتبة الأميرة ايمان العامة مكتبة الأميرة ايمان العامة الإعارة 14/05/2009 1287747   214.5/حنف PLD00090719 28/07/2025 14/05/2009 كتب
    Dewey Decimal Classification     مكتبة البراعم الواعدة مكتبة البراعم الواعدة الإعارة 14/05/2009 1287748   214.5/حنف PLD00090720 28/07/2025 14/05/2009 كتب
    Dewey Decimal Classification     مكتبة مرج الحمام مكتبة مرج الحمام الإعارة 14/05/2009 1287750   214.5/حنف PLD00090722 28/07/2025 14/05/2009 كتب
    Dewey Decimal Classification     مكتبة ومركز فرح مكتبة ومركز فرح الإعارة 14/05/2009 1287754   214.5/حنف PLD00090726 28/07/2025 14/05/2009 كتب
Implemented & Customized by: BBB with SCIT (Smart Chains for Information Technology)

Powered by Koha